000 00802nam a2200241 a 4500
001 000018608
005 20200929165829.0
008 100512s2006 mx 000 0 spa d
040 _aDO-SdBNP
_bspa
_cBNPHU
082 _a282.8
_bL695L
100 1 _aLimón, Emma
_940213
245 1 0 _aLiberación del "yo" (ser) :
_bMetodología Evangelización Liberadora Integral /
_cEmma Limón.
246 3 _aMetodología Evangelización Liberadora Integral
260 _a[México :
_bs.n.,
_c2006].
300 _a318 p. ;
_c23 cm.
490 1 _aCurso
_v3
500 _aCurso III, Liberación del "yo" (ser)
504 _aBibliografía: p.319.
590 _aInventariado, 2018/ YL
650 4 _aEvangelización
_xMetodología
_940214
830 0 _aCurso
_n3
_940215
910 _aValidado. Control de calidad EMS
999 _c18128
_d18128